Territorien, Überseegebiete und nicht anerkannte Länder der Welt - Statistiken

Allgemein
  • Dieses Quiz wurde 130 mal gespielt
    85 seit der letzten Aktualisierung
  • Das Durchschnittsergebnis liegt bei 38 aus 51
Antworten auf der Karte
Die Antworten werden auf der Karte rot bzw. grün angezeigt, abhängig davon wie oft sie richtig erraten wurden.
 
Antwortstatistiken
Land % Korrekt
Britische Jungferninseln
89%
Färöer
89%
Amerikanische Jungferninseln
86%
Bermuda
86%
Curaçao
86%
Falklandinseln
86%
St. Helena, Ascension und Tristan da Cunha
86%
Amerikanisch- Samoa
84%
Gibraltar
82%
Palästina
82%
Französisch- Guayana
80%
Französisch- Polynesien
80%
Grönland
80%
Martinique
80%
Westsahara
80%
Guadeloupe
77%
Guam
77%
Isle of Man
77%
Jersey
77%
Kokosinseln
77%
Neukaledonien
77%
Weihnachtsinsel
77%
Aruba
75%
Karibische Niederlande
75%
Nordzypern
75%
Puerto Rico
75%
Réunion
75%
Saint Martin
75%
Sint Maarten
75%
Cookinseln
73%
Niue
73%
Nördliche Marianen
73%
Somaliland
73%
Svalbard und Jan Mayen
73%
Transnistrien
73%
Turks- und Caicosinseln
73%
Hongkong
70%
Macau
70%
Montserrat
70%
Abchasien
68%
Guernsey
68%
Mayotte
68%
Norfolkinsel
68%
Pitcairninseln
68%
Saint-Pierre und Miquelon
68%
Kaiman-Inseln
66%
Südossetien
64%
Tokelau
64%
Wallis und Futuna
64%
Saint Barthélemy
57%
Anguilla
55%
Keine übereinstimmenden Quizze gefunden
Verteilung der Resultate
Anzahl Personen mit jedem Resultat
Perzentil nach korrekt beantworteten Fragen
Ihre Resultats-Entwicklung
Sie haben dieses Quiz seit der letzten Aktualisierung nicht gespielt